La personalidad, la cración y el mensaje de Alfonso Reyes /
Guardado en:
| Autor Principal: | |
|---|---|
| Formato: | Libro |
| Idioma: | Spanish |
| Publicado: |
La Habana :
s.e.,
1955.
|
| Materias: | |
| Etiquetas: |
Agregar Etiqueta
Sin Etiquetas, Sea el primero en etiquetar este registro!
|
| LEADER | 00465nam a22001575a 4500 | ||
|---|---|---|---|
| 001 | EUN.um053496 | ||
| 003 | AR-BaUNS | ||
| 005 | 20050623122919.0 | ||
| 008 | 041125s1955####xx############000#0#spa#d | ||
| 245 | 1 | 3 | |a La personalidad, la cración y el mensaje de Alfonso Reyes / |c Raimundo Lazo. |
| 260 | |a La Habana : |b s.e., |c 1955. | ||
| 300 | |a 24 p. | ||
| 100 | 1 | |a Lazo, Raimundo. | |
| 082 | 0 | 4 | |a 928 |
| 653 | |a Reyes, Alfonso | ||
| 859 | |a Ar-BaUNS |b BIB. CENTRAL - Sector C |h 928 |i R331L |p 536/955 | ||
